Teoretické zákonitosti vysokorýchlostného frézovania

Salvato in:
Dettagli Bibliografici
Autore principale: Drienik, Jakub, 1988- (Autore)
Altri autori: Kováč, Martin, 1984- (xxx)
Natura: Manoscritto Libro
Lingua:slovacco
Pubblicazione: Trnava : STU v Bratislave MTF UVTE KOM, 2010
Soggetti:
Accesso online:VAIS
Tags: Aggiungi Tag
Nessun Tag, puoi essere il primo ad aggiungerne!!

MARC

LEADER 00000ntm a22000003a 4500
001 stu217803
005 20160719160402.8
008 101130s2010----xo------------------slo-d
040 |a STU  |b slo 
041 0 |a slo 
044 |a xo 
100 1 |a Drienik, Jakub,  |d 1988-  |4 aut  |X 48724  |7 A000048724 
242 0 0 |a Theoretical patterns of the high speed milling   |y eng 
245 1 |a Teoretické zákonitosti vysokorýchlostného frézovania 
260 |a Trnava :  |b STU v Bratislave MTF UVTE KOM,  |c 2010 
650 7 |a počítačová podpora výrobných technológií  |2 stusub 
650 7 |a Computing Support of Manufacturing Technologies  |2 estusub 
700 1 |a Kováč, Martin,  |d 1984-  |4 xxx  |u M3000  |U MTF Materiálovotechnologická fakulta  |T MTF Ústav výrobných technológií  |X 32952  |U M3000  |Y 83  |7 A000032952 
856 4 |a info a plný text  |u http://is.stuba.sk/zp/portal_zp.pl?podrobnosti=47355  |3 VAIS 
996 |c M*BP-5052  |l MMSKP  |s P  |a 0  |w stu217803_0001